00383nam a22001457a 4500003000700000005001700007008004100024082002400065100002000089245005500109250001100164260002800175300000800203650002600211MPLRDC20220104143940.0210129b ||||| |||| 00| 0 eng d a051.4 K1KC 2001 c.2 a姚雅琴主编 a吉隆坡坤成校友会自置会所落成志庆c a初版 ab坤成校友会c2001 b平 a学术纪要、学刊